|
|
|
|
| LEADER |
00000naa a2200000uu 4500 |
| 001 |
vtls011043550 |
| 003 |
SK-MaSNL |
| 005 |
20260302102736.0 |
| 008 |
210910|2005 xo |||||||||||||||||slo| |
| 015 |
|
|
|a SNBRA
|
| 035 |
|
|
|a (urnnbn)urn:nbn:sk:snk:ar-0090cp
|
| 035 |
|
|
|a (uuid)4c9b6e1a-d416-48f2-8ad7-50e5bac49638
|
| 035 |
|
|
|a urn:nbn:sk:snk-aauvpg
|
| 040 |
|
|
|a SNKBUCL
|b slo
|c SNKBUCL
|e AACR2
|
| 041 |
0 |
|
|a slo
|
| 044 |
|
|
|a xo
|c SK
|
| 100 |
1 |
|
|a Školník, Miroslav,
|d 1959-
|4 aut
|9 319188
|
| 245 |
1 |
0 |
|a MANAŽMENT LOGISTIKY OZBROJENÝCH SÍL SLOVENSKEJ REPUBLIKY V ZAHRANIČNÝCH MISIÁCH
|c Miroslav ŠKOLNÍK
|
| 773 |
0 |
|
|t Manažment a jeho disciplíny
|d V Liptovskýom Mikuláši : Akadémia ozbrojených síl gen. M. R. Štefánika, 2005
|g S. 119-130
|z 8080402604
|
| 958 |
|
|
|a OND
|
| 958 |
|
|
|a article12
|
| 958 |
|
|
|a chapter
|
| 999 |
|
|
|c 1228310
|d 1230240
|